Losowe państwa na mapie Azji - Statystyki

Ogólne statystyki
  • Ten quiz został rozwiązany 71 426 razy
  • Średni wynik to 12 z 15
Odpowiedzi na mapie
Odpowiedzi zakodowano w zielono-czerwonej skali na mapie do tego quizu, zgodnie z poniższymi procentami.
 
Statystyki odpowiedzi
Państwa % Poprawnych
Chiny
99%
Indie
98%
Turcja
97%
Kazachstan
96%
Mongolia
96%
Japonia
95%
Arabia Saudyjska
94%
Iran
92%
Korea Południowa
92%
Korea Północna
91%
Indonezja
90%
Irak
89%
Oman
89%
Jemen
87%
Filipiny
86%
Gruzja
86%
Nepal
86%
Wietnam
86%
Cypr
85%
Izrael
85%
Pakistan
85%
Sri Lanka
85%
Tajlandia
83%
Tajwan
82%
Zjednoczone Emiraty Arabskie
82%
Katar
81%
Syria
80%
Armenia
79%
Laos
79%
Uzbekistan
79%
Afganistan
78%
Azerbejdżan
77%
Malezja
76%
Jordania
75%
Bangladesz
74%
Kambodża
74%
Kirgistan
74%
Mjanma
74%
Tadżykistan
74%
Turkmenistan
74%
Kuwejt
73%
Bhutan
72%
Malediwy
72%
Singapur
69%
Liban
67%
Bahrajn
64%
Timor Wschodni
61%
Brunei
55%
Nie znaleziono quizów pasujących do podanych kryteriów
Rozkład punktacji
Procent ludzi z każdym wynikiem
Percentyl według liczby udzielonych odpowiedzi
Twoja historia wyników
Nie rozwiązałeś tego quizu